Opportunity crocked (Record no. 73692)

MARC details
000 -LEADER
fixed length control field 01602cam a2200253 4500
001 - CONTROL NUMBER
control field ABS67167
008 - FIXED-LENGTH DATA ELEMENTS--GENERAL INFORMATION
fixed length control field 031029n2003 000 0 eng u
035 ## - SYSTEM CONTROL NUMBER
System control number (Sirsi) u124156
100 ## - MAIN ENTRY--PERSONAL NAME
Personal name Jones, R.
245 ## - TITLE STATEMENT
Title Opportunity crocked
260 ## - PUBLICATION, DISTRIBUTION, ETC.
Date of publication, distribution, etc. 2003
490 ## - SERIES STATEMENT
Series statement House Builder
Volume/sequential designation 62(9) October 2003, 21(1)
520 ## - SUMMARY, ETC.
Summary, etc. Criticises RICS' submission to the Barker review of housing supply particularly in respect of its understanding of land banks. Proposes that, faced by restrictive planning and the slowness of the plan-led system, the industry has of necessity sought to protect its future output by acquiring land in advance. Questions RICS' espousal of the ODPM's argument that land optioning holds up development, and RICS' statement that house builders prefer greenfield sites to brownfield sites. Argues that RICS' contention that estates of executive homes are more profitable than high-density apartments, is untrue. Counters the RICS view that there would have to be a sharp increase in house supply over at least a decade for increased housing to have an impact on house prices, with the view that sharp increases in house prices are inevitable because supply has been adversely constrained for a decade or more.
590 ## - LOCAL NOTE (RLIN)
Local note ABS
650 ## - SUBJECT ADDED ENTRY--TOPICAL TERM
Topical term or geographic name entry element LAND BANKS
650 ## - SUBJECT ADDED ENTRY--TOPICAL TERM
Topical term or geographic name entry element LAND OPTIONS
650 ## - SUBJECT ADDED ENTRY--TOPICAL TERM
Topical term or geographic name entry element BARKER REVIEW OF HOUSING SUPPLY: SECURING OUR FUTURE HOUSING NEEDS
650 ## - SUBJECT ADDED ENTRY--TOPICAL TERM
Topical term or geographic name entry element RICS
650 ## - SUBJECT ADDED ENTRY--TOPICAL TERM
Topical term or geographic name entry element PLANNING RESTRICTIONS
650 ## - SUBJECT ADDED ENTRY--TOPICAL TERM
Topical term or geographic name entry element HOUSE BUILDING INDUSTRY
650 ## - SUBJECT ADDED ENTRY--TOPICAL TERM
Topical term or geographic name entry element HOUSING SUPPLY
690 ## - LOCAL SUBJECT ADDED ENTRY--TOPICAL TERM (OCLC, RLIN)
Topical term or geographic name as entry element PROPERTY-RESIDENTIAL PROPERTY-RESIDENTIAL PROPERTY MARKET
942 ## - ADDED ENTRY ELEMENTS (KOHA)
Suppress in OPAC 0
Holdings
Withdrawn status Lost status Source of classification or shelving scheme Damaged status Not for loan Home library Current library Shelving location Date acquired Total Checkouts Full call number Barcode Date last seen Copy number Price effective from Koha item type
    Dewey Decimal Classification     London London Journal article 29/10/2003   ABS67167 124156-1001 06/08/2019 1 06/08/2019 Journal article